[Event "New Delhi Parsvnath op-C 16th"]
[Site "New Delhi"]
[Date "2018.01.14"]
[Round "3"]
[White "Lokendra, Rohit"]
[Black "Utkarsh, Agrawal"]
[Result "0-1"]
[WhiteElo "1447"]
[BlackElo "1586"]
[PlyCount "132"]
[EventDate "2018.01.09"]
[EventType "swiss"]
[EventRounds "10"]
[EventCountry "IND"]
[SourceTitle "CBM 182 Extra"]
[Source "ChessBase"]
[SourceDate "2018.02.23"]
[SourceVersion "1"]
[SourceVersionDate "2018.02.23"]
[SourceQuality "1"]

1. e4 e6 2. d4 d5 3. Nc3 Bb4 4. e5 c5 5. a3 Bxc3+ 6. bxc3 Qa5 7. Bd2 c4 8. Qg4 Kf8 9. Be2 Ne7 10. h4 h6 11. Nh3 Bd7 12. 0-0 Ba4 13. Rfc1 Qd8 14. Nf4 Nf5 15. g3 Ke7 16. Nh5 Rg8 17. Rab1 b6 18. Qh3 Kd7 19. Bg4 Ne7 20. f4 Kc7 21. Kh2 Nd7 22. Qg2 g6 23. Nf6 Nxf6 24. exf6 Nf5 25. Qe2 Qxf6 26. Bxf5 exf5 27. Qe5+ Qxe5 28. dxe5 Rge8 29. Be3 Rg8 30. Rb4 Bc6 31. a4 Rge8 32. Rd1 Rab8 33. Kh3 Red8 34. Rb2 a6 35. Rdb1 b5 36. Bc5 Rb7 37. a5 Kd7 38. Re1 Ke6 39. Bd4 Rg8 40. Be3 Rgb8 41. Reb1 Rg8 42. Re1 Rgb8 43. Reb1 Kd7 44. Kg2 d4+ 45. Kf2 dxe3+ 46. Kxe3 Ke6 47. Rd1 Rd7 48. Rd4 Rbd8 49. Rb1 Be4 50. Rc1 Rxd4 51. cxd4 Kd5 52. c3 Rb8 53. h5 b4 54. cxb4 Rxb4 55. hxg6 fxg6 56. g4 Rb3+ 57. Kf2 fxg4 58. e6 g3+ 59. Kg1 Kxe6 60. d5+ Kxd5 61. Rd1+ Rd3 62. Re1 c3 63. f5 gxf5 64. Kf1 c2 65. Ke2 Kd4 66. Rd1 cxd1Q# 0-1